Diner Foods by Picture - Statistics

General Stats
  • This quiz has been taken 92 times
    89 since last reset
  • The average score is 19 of 28
Answer Stats
Picture Answer % Correct
Pancakes
96%
French Fries
95%
Apple Pie
91%
Chicken Tenders
91%
Milkshake
90%
Cheeseburger
88%
Cola
87%
Hot Dog
86%
Waffles
86%
Coffee
84%
Eggs
81%
Ice Cream Sundae
75%
Coleslaw
74%
Grilled Cheese Sandwich
74%
French Toast
73%
Meatloaf
70%
Mashed Potatoes
61%
Banana Cream Pie
58%
Fried Fish
56%
Biscuits and Gravy
55%
Soup
49%
Hash Browns
48%
Philly Cheesesteak
40%
Root Beer Float
40%
Club Sandwich
38%
Chicken Fried Steak
36%
Patty Melt
23%
Cheese Curds
21%
No matching quizzes found
Score Distribution
Percent of People with Each Score
Percentile by Number Answered
Your Score History
You have not taken this quiz since the last reset